Logo Biblioteca

La taza de oro : (Registro nro. 7)

Detalles MARC
000 -LEADER
fixed length control field 01369nam a22002057a 4500
003 - CONTROL NUMBER IDENTIFIER
control field OSt
005 - DATE AND TIME OF LATEST TRANSACTION
control field 20241220122848.0
008 - FIXED-LENGTH DATA ELEMENTS--GENERAL INFORMATION
fixed length control field 230626s2006 ag ||||| |||| 00| 1 spa d
020 ## - INTERNATIONAL STANDARD BOOK NUMBER
International Standard Book Number 9870404510
040 ## - CATALOGING SOURCE
Transcribing agency besoc
100 ## - MAIN ENTRY--PERSONAL NAME
Personal name Steinbeck, John
Dates associated with a name (1902-1968)
Relator term autor
245 13 - TITLE STATEMENT
Title La taza de oro :
Remainder of title vida de sir Henry Morgan, bucanero, con ocasionales referencias a la historia /
Statement of responsibility, etc. John Steinbeck ; traducción de Carlos Fortea
250 ## - EDITION STATEMENT
Edition statement 1a ed.
260 ## - PUBLICATION, DISTRIBUTION, ETC.
Place of publication, distribution, etc. Buenos Aires :
Name of publisher, distributor, etc. Aguilar,
Date of publication, distribution, etc. 2006
300 ## - PHYSICAL DESCRIPTION
Extent 223 p.
520 ## - SUMMARY, ETC.
Summary, etc. A los 15 años Henry Morgan (1635-1688) ambiciona hacerse bucanero, ganar fama y fortuna y tomar una ciudad española. "Jamás daba a ningún hombre la menor posibilidad de dominarlo ni de que adivinara sus motivos y medios ni sus aptitudes y defectos. Como la mayoría de los hombres no creían en sí mismos, tampoco creerían en otro al que consideran igual a ellos". A los 30 años había triunfado, pero estaba solo. Fue entonces cuando oyó hablar de la Santa Roja, una mujer a la que todos los hombres adoraban. Delirio de los piratas -nadie la había visto, pues un velo cubría su rostro-, se convirtió en su obsesión. Y para conquistarla tuvo que ganar Panamá, la Taza de Oro [Nota del editor].
650 #4 - SUBJECT ADDED ENTRY--TOPICAL TERM
Topical term or geographic name entry element Literatura norteamericana
Form subdivision Novelas históricas
Chronological subdivision Siglo XX
700 1# - ADDED ENTRY--PERSONAL NAME
Personal name Fortea, Carlos
Relator term traductor
942 ## - ADDED ENTRY ELEMENTS (KOHA)
Source of classification or shelving scheme Universal Decimal Classification
Koha item type Obra General
Suppress in OPAC No
Existencias
Withdrawn status Lost status Source of classification or shelving scheme Damaged status Not for loan Collection Home library Current library Date acquired Total checkouts Full call number Barcode Date last seen Price effective from Koha item type
    Universal Decimal Classification     Colección General Biblioteca Escuela de Ciencias Sociales Biblioteca Escuela de Ciencias Sociales 26/06/2023   82-311.6(73) ST819 000409 26/06/2023 26/06/2023 Obra General
Biblioteca de la Escuela Preuniversitaria en Ciencias Sociales y Humanísticas.
Riobamba 250 bis.
CP 2000 - Rosario - Santa Fe
E-Mail: biblioteca@esociales.unr.edu.ar